Toronto Blue Jays Trivia - Statistics

General Stats
  • This quiz has been taken 771 times
    279 since last reset
  • The average score is 10 of 15
Answer Stats
Hint Answer % Correct
The only other MLB team to ever be based in Canada 💀 Montreal Expos
93%
Current star who shares the name of his Hall of Fame father Vladimir Guerrero Jr.
91%
Player who hit a team record 54 home runs in 2010 José Bautista
87%
Slugger who ended the 1993 World Series with a walk-off homer Joe Carter
84%
Celebration the above player is known for {Bat} {flip}
81%
All-star shortstop whose father, Dante, also played in the majors Bo Bichette
81%
Former ace who died in a plane crash at age 40 in 2017 Roy Halladay
81%
Former name of the Rogers Centre from 1989–2004 SkyDome
69%
All-time franchise leader in home runs (1993–2004) Carlos Delgado
54%
Beer company which once owned the Blue Jays Labatt
52%
First baseman who hit .363 in 1993, setting the team's single-season record John Olerud
51%
Fred McGriff's nickname Crime Dog
50%
Famously overweight pitcher who played for the Jays from 1987–1992 and again from 1999–2000 David Wells
48%
Manager of the 1992 and 1993 World Series champion team Cito Gaston
46%
Blue Jays left fielder who won the AL MVP award in 1987 George Bell
38%
No matching quizzes found
Score Distribution
Percent of People with Each Score
Percentile by Number Answered
Your Score History
You have not taken this quiz since the last reset